| 000 -CABECERA |
| Longitud fija campo de control |
00941nas a22002417a 4500 |
| 003 - IDENTIFICADOR DEL NÚMERO DE CONTROL |
| Identificador del número de control |
OSt |
| 005 - FECHA Y HORA DE LA ÚLTIMA TRANSACCIÓN |
| Fecha y hora de la última transacción |
20200729125730.0 |
| 008 - CÓDIGOS DE INFORMACIÓN DE LONGITUD FIJA |
| Códigos de información de longitud fija |
130704c1985 sp q|||| |||| 00| 0 spa d |
| 022 ## - NÚMERO INTERNACIONAL NORMALIZADO PARA PUBLICACIONES SERIADAS |
| Número Internacional Normalizado para Publicaciones Seriadas |
0213-084X |
| 040 ## - FUENTE DE LA CATALOGACIÓN |
| Centro transcriptor |
CDMR |
| Lengua de catalogación |
cat |
| 245 00 - MENCIÓN DE TÍTULO |
| Título |
Telos |
| Resto del título |
: cuadernos de comunicación e innovación |
| 246 #0 - VARIANTES DE TÍTULO |
| Título propio / Título en breve |
Telos |
| Resto de título |
: cuadernos de comunicación, tecnología y sociedad |
| 260 ## - PUBLICACIÓN, DISTRIBUCIÓN, ETC. (PIE DE IMPRENTA) |
| Lugar de publicación, distribución, etc. |
Madrid |
| Nombre del editor, distribuidor, etc. |
Fundación Telefónica |
| Fecha de publicación, distribución, etc. |
1985- |
| 300 ## - DESCRIPCIÓN FÍSICA |
| Extensión |
v. |
| 310 ## - PERIODICIDAD ACTUAL |
| Periodicidad actual |
Trimestral |
| 362 ## - FECHAS DE PUBLICACIÓN Y/O DESIGNACIÓN SECUENCIAL |
| Fecha de publicación y/o designación secuencial |
Núm. 1 (gen. 1985) - |
| 500 ## - NOTA GENERAL |
| Nota general |
Editor anterior FUNDESCO |
| 650 04 - PUNTO DE ACCESO ADICIONAL DE MATERIA - TÉRMINO DE MATERIA |
| 9 (RLIN) |
3508 |
| Término de materia o nombre geográfico como elemento inicial |
Tecnologia de la informació |
| Subdivisión de materia general |
Aspectes socials |
| Subdivisión de forma |
Revistes |
| 710 2# - PUNTO DE ACCESO ADICIONAL - NOMBRE DE ENTIDAD |
| 9 (RLIN) |
4583 |
| Nombre de entidad o nombre de jurisdicción como elemento inicial |
Fundación Telefónica |
| 856 40 - LOCALIZACIÓN Y ACCESO ELECTRÓNICO |
| Identificador Uniforme del Recurso (URI) |
<a href="http://dialnet.unirioja.es/servlet/revista?codigo=6769">http://dialnet.unirioja.es/servlet/revista?codigo=6769</a> |
| Texto del enlace |
Disponible en línia (Dialnet, 2004 - ) |
| 856 40 - LOCALIZACIÓN Y ACCESO ELECTRÓNICO |
| Identificador Uniforme del Recurso (URI) |
<a href="https://www.fundaciontelefonica.com/arte_cultura/publicaciones-listado/?fttq=temas&ftq=telos&ftt=42&tema=telos">https://www.fundaciontelefonica.com/arte_cultura/publicaciones-listado/?fttq=temas&ftq=telos&ftt=42&tema=telos</a> |
| Texto del enlace |
Disponible al Portal Web |
| 942 ## - ENTRADA DE ELEMENTOS AGREGADOS (KOHA) |
| Fuente de clasificaión o esquema |
|
| Koha [por defecto] tipo de item |
Publicacions periòdiques |
| Marca de registro de periódicas |
1 |